Sociocultural change in Maharashtra and the Christians
| Main Author: | |
|---|---|
| Contributors: | ; |
| Format: | Print Book |
| Language: | English |
| Subito Delivery Service: | Order now. |
| Check availability: | HBZ Gateway |
| Interlibrary Loan: | Interlibrary Loan for the Fachinformationsdienste (Specialized Information Services in Germany) |
| Published: |
Bangalore
Primalogue Books on behalf of Ahmednagar College
[2015]
|
| In: | Year: 2015 |
| Edition: | 1. english edition |
| Standardized Subjects / Keyword chains: | B
Maharashtra
/ Christianity
/ Mission (international law
/ Educational system
B Marathi / Literature / Christianity |
| RelBib Classification: | KBM Asia |
| Further subjects: | B
Christianity
India
Maharashtra
B Christianity and culture India Maharashtra |
MARC
| LEADER | 00000cam a2200000 c 4500 | ||
|---|---|---|---|
| 001 | 1645526585 | ||
| 003 | DE-627 | ||
| 005 | 20251225204923.0 | ||
| 007 | tu | ||
| 008 | 190125s2015 ii ||||| 00| ||eng c | ||
| 020 | |a 9789382759164 |c paperback |9 978-93-82759-16-4 | ||
| 035 | |a (DE-627)1645526585 | ||
| 035 | |a (DE-576)516593501 | ||
| 035 | |a (DE-599)BSZ516593501 | ||
| 035 | |a (IiNdDKA)253485-PBK | ||
| 040 | |a DE-627 |b ger |c DE-627 |e rda | ||
| 041 | |a eng |h mar | ||
| 044 | |c XB-IN | ||
| 050 | 0 | |a BR1156.M37 | |
| 082 | 0 | |a 275.479 | |
| 084 | |a ASIEN |q DE-16 |2 fid | ||
| 084 | |a 1 |2 ssgn | ||
| 084 | |a 0 |2 ssgn | ||
| 100 | 1 | |e VerfasserIn |0 (DE-588)134196961 |0 (DE-627)692164960 |0 (DE-576)279441282 |4 aut |a Moraje, Gangadhara |d 1930-2005 | |
| 109 | |a Moraje, Gangadhara 1930-2005 |a Moraje, Gangadhara Narayana 1930-2005 |a Moraje, Gaṅgādhara Nārāyaṇa 1930-2005 |a Morje, Gangadhar 1930-2005 |a Moraje, Gaṃgādhara Nārāyaṇa 1930-2005 |a Morje, Gangadhar Narayan 1930-2005 |a Moraje, Gaṅgādhara N. 1930-2005 |a Moraje, Gaṅgādhara 1930-2005 |a Moraje, Gaṃgādhara 1930-2005 | ||
| 240 | 1 | 0 | |a Mahārāshṭrātīla sãskr̥tika parivartana āṇi Khristī dharmīya |
| 245 | 1 | 0 | |a Sociocultural change in Maharashtra and the Christians |c G.N. Morje; editors, P.S. Jacob, Grace Jacob |
| 250 | |a 1. english edition | ||
| 264 | 1 | |a Bangalore |b Primalogue Books on behalf of Ahmednagar College |c [2015] | |
| 300 | |a 149 Seiten |c 21 cm | ||
| 336 | |a Text |b txt |2 rdacontent | ||
| 337 | |a ohne Hilfsmittel zu benutzen |b n |2 rdamedia | ||
| 338 | |a Band |b nc |2 rdacarrier | ||
| 500 | |a Translated from Marathi. - Translation of: Mahārāshṭrātīla sãskr̥tika parivartana āṇi Khristī dharmīya. - Includes bibliographical references | ||
| 583 | 1 | |a Archivierung/Langzeitarchivierung gewährleistet |f FID |x XA-DE-BW |2 pdager |5 DE-16-77 | |
| 650 | 0 | |a Christianity |x India |x Maharashtra | |
| 650 | 0 | |a Christianity and culture |x India |x Maharashtra | |
| 652 | |a KBM | ||
| 689 | 0 | 0 | |d g |0 (DE-588)4037057-4 |0 (DE-627)106239686 |0 (DE-576)209021802 |2 gnd |a Maharashtra |
| 689 | 0 | 1 | |d s |0 (DE-588)4010074-1 |0 (DE-627)104493933 |0 (DE-576)20888579X |2 gnd |a Christentum |
| 689 | 0 | 2 | |d s |0 (DE-588)4039567-4 |0 (DE-627)106227602 |0 (DE-576)20903551X |2 gnd |a Mission |
| 689 | 0 | 3 | |d s |0 (DE-588)4006681-2 |0 (DE-627)10637673X |0 (DE-576)208866574 |2 gnd |a Bildungswesen |
| 689 | 0 | |5 (DE-627) | |
| 689 | 1 | 0 | |d s |0 (DE-588)4037440-3 |0 (DE-627)106237519 |0 (DE-576)209024240 |2 gnd |a Marathi |
| 689 | 1 | 1 | |d s |0 (DE-588)4035964-5 |0 (DE-627)106245015 |0 (DE-576)209015608 |2 gnd |a Literatur |
| 689 | 1 | 2 | |d s |0 (DE-588)4010074-1 |0 (DE-627)104493933 |0 (DE-576)20888579X |2 gnd |a Christentum |
| 689 | 1 | |5 (DE-627) | |
| 700 | 1 | |a Jacob, P. S. |e ÜbersetzerIn |e HerausgeberIn |4 trl |4 edt | |
| 700 | 1 | |a Jacob, Grace |e HerausgeberIn |4 edt | |
| 935 | |a mteo | ||
| 951 | |a BO | ||
| ELC | |b 1 | ||
| LOK | |0 000 xxxxxcx a22 zn 4500 | ||
| LOK | |0 001 3981642171 | ||
| LOK | |0 003 DE-627 | ||
| LOK | |0 004 1645526585 | ||
| LOK | |0 005 20231219172953 | ||
| LOK | |0 008 210927||||||||||||||||ger||||||| | ||
| LOK | |0 040 |a DE-Tue135 |c DE-627 |d DE-Tue135 | ||
| LOK | |0 092 |o n | ||
| LOK | |0 852 |a DE-Tue135 | ||
| LOK | |0 852 1 |9 00 | ||
| LOK | |0 866 |x 6700 maschinelles Mapping DDC mit neuem Exemplarsatz 275.479 [275 in Mappingtabelle] >> IxTheo-Klassifikation !144204893X!. - | ||
| LOK | |0 935 |a hdsa | ||
| LOK | |0 936ln |0 144204893X |a KBM | ||
| LOK | |0 939 |a 27-09-21 |b l01 | ||
| ORI | |a SA-MARC-ixtheoa001.raw | ||
| REL | |a 1 | ||
| STA | 0 | 0 | |a Christianity,Christian world view,World view,Christian ideology,Educational system,Literature,Literature,Belles-lettres,Marathi,Mission (international law,Mission,Mission,Christianity,World mission |
| STB | 0 | 0 | |a Christianisme,Christianisme,Littérature,Littérature,Marathi,Mission,Mission,Mission,Système éducatif,Enseignement,Enseignement |
| STC | 0 | 0 | |a Cristianismo,Cristianismo,Cristiandad,Cristiandad,Cristiandad (Motivo),Cristiandad,Literatura,Literatura,Marathi,Misión,Misión,Misión,Sistema educacional |
| STD | 0 | 0 | |a Cristianesimo,Cristianesimo,Istruzione,Letteratura,Letteratura,Marathi,Missione,Missione,Missione |
| STE | 0 | 0 | |a 基督教,基督教,基督教世界观,宣教,宣教,传教,宣教使命,传教,宣教使命,教育系统,文学 |
| STF | 0 | 0 | |a 基督教,基督教,基督教世界觀,宣教,宣教,傳教,宣教使命,傳教,宣教使命,教育系統,文學,马拉地语 |
| STG | 0 | 0 | |a Cristianismo,Cristianismo,Cristandade,Cristandade,Cristandade (Motivo),Cristandade,Literatura,Literatura,Marathi,Missão,Missão,Missão,Sistema educacional |
| STH | 0 | 0 | |a Литература (мотив),Литература,Маратхи (язык),Миссия (международное право),Миссия (мотив),Миссия,Система образования,Христианство (мотив),Христианство |
| STI | 0 | 0 | |a Αποστολή (Διεθνές δίκαιο),Ιεραποστολή (μοτίβο),Ιεραποστολή,Εκπαίδευση,Εκπαιδευτικό σύστημα,Λογοτεχνία (μοτιβο),Λογοτεχνία,Μαράθι (γλώσσα),Χριστιανισμός (μοτίβο),Χριστιανισμός |
| SUB | |a REL | ||
| SYG | 0 | 0 | |a Mahārāṣṭra , Christianity,Christliche Mission,Missionierung,Christenheit,Christianitas,Christliche Religion,Christliche Weltanschauung , Diplomatische Mission,Christentum,Christliche Mission,Heidenmission,Weltmission,Missionierung , Educational system,Bildungssektor,Bildungssystem,Education system,Erziehungssystem,Erziehungswesen,Erziehungswesen , Maharashtri,Maharathi,Mahratte,Malhatee,Marathe,Marhati,Marthi,Muruthu , Belletristik,Dichtung,Literarisches Kunstwerk,Schöne Literatur,Sprachkunst,Sprachliches Kunstwerk,Wortkunst,Belletristik,Dichtung,Schöne Literatur,Sprachkunst,Wortkunst , Christianity,Christliche Mission,Missionierung,Christenheit,Christianitas,Christliche Religion,Christliche Weltanschauung |
| TIM | |a 100019600601_100020261231 |b 1960-06-01 - 2026 | ||



